Punk Bands A-Z - Statistics

General Stats
  • This quiz has been taken 681 times
    201 since last reset
  • The average score is 12 of 26
Answer Stats
Letter Hint Answer % Correct
G Hugely successful pop punk band fronted by Billie Joe Armstrong. Green Day
85%
S Iconic UK band featuring Johnny Rotten & Sid Vicious. Sex Pistols
82%
C Iconic, genre bending UK punk band featuring the late Joe Strummer. The Clash
77%
R Iconic NYC band featuring Joey, Johnny, Dee Dee & Tommy. Ramones
76%
I The "Godfather of Punk" & frontman of the Stooges. Iggy Pop
73%
O California punks behind "Come Out and Play" & "Pretty Fly (for a White Guy)." The Offspring
73%
M Horror themed punks fronted by Glenn Danzig; they created the "devilock" hairstyle. Misfits
62%
P 90s California punk band who took their name from Stephen King's It. Pennywise
62%
B California hardcore punk band once featuring Henry Rollins. Black Flag
61%
F Ian MacKaye's post-hardcore band after Minor Threat. Fugazi
50%
N California punk band fronted by Fat Mike; known for their frat boy humor. NOFX
49%
Q NYC post-hardcore band named after an environmental hazard (you sink in it). Quicksand
45%
D Pioneering punk band behind the first UK punk single, “New Rose.” The Damned
42%
V Quirky Wisconsin folk punks behind "Blister in the Sun" and "Add It Up." Violent Femmes
39%
X Cult LA band behind "Johny Hit and Run Paulene" & "Los Angeles." X
37%
H US band behind "Zen Arcade." Their name is Norwegian for "do you remember?" Hüsker Dü
34%
T NYC art-punks behind "Marquee Moon", fronted by Tom Verlaine. Television
32%
L Grungy riot grrrl band behind LP "Smell the Magic," their name is slang for square. L7
31%
J UK mod revivalist band featuring Paul Weller, behind "That's Entertainment." The Jam
30%
A California emo/punk band fronted by Davey Havok, behind "Sing the Sorrow." AFI
29%
Y 2000s NYC punk/garage band fronted by Karen O, known for the hit “Maps.” Yeah Yeah Yeahs
27%
E Scottish punks fronted by the red mohawked Wattie Buchan, leaders of the "UK 82" scene. The Exploited
26%
U Their home country is in their name — early UK punk band fronted by Charlie Harper. U.K. Subs
25%
K Influential industrial/post-punk act… their name sounds like a cruel prank. Killing Joke
16%
W Influential Portland punks — their name sounds like a thing that keeps glass clear. Wipers
13%
Z Motorhead-loving Seattle punks with a name fit for a biker, not a biblical prophet. Zeke
2%
No matching quizzes found
Score Distribution
Percent of People with Each Score
Percentile by Number Answered
Your Score History
You have not taken this quiz since the last reset